|
|
|
|
| LEADER |
00000nam a2200000 a 4500 |
| 001 |
UCL0037 |
| 003 |
CL-VaPUC |
| 008 |
030612e20010000GW |||||||||||||||||eng|d |
| 082 |
0 |
4 |
|a 658.054678
|b OST
|2 21
|
| 100 |
0 |
|
|a Osterle, Hubert
|e author
|9 476718
|
| 700 |
0 |
|
|a Fleisch, Elgar
|e author
|9 476719
|
| 700 |
0 |
|
|a Alt, Rainer
|e author
|9 476720
|
| 245 |
1 |
0 |
|a Business networking: shaping collaboration between enterprises
|
| 250 |
|
|
|a 2a. ed
|
| 300 |
|
|
|a 403 p
|
| 942 |
|
|
|c BK
|
| 945 |
|
|
|d 20030612 00:00:00
|a vberengu
|
| 260 |
|
|
|a Berlín
|b Springer
|c 2001
|
| 650 |
|
0 |
|a Comercio electrónico
|9 428366
|
| 583 |
|
|
|a last modification
|c 20030612 00:00:00
|k Rodrigo Vera
|
| 999 |
|
|
|c 304070
|d 304068
|
| 952 |
|
|
|0 0
|1 0
|4 0
|6 658_054678000000000_OST_2001
|7 0
|8 A
|9 365826
|a BIBING
|b BIBING
|d 2019-11-21
|i 3911578
|o 658.054678 OST 2001
|p 3911578
|r 2025-01-20
|w 2019-11-21
|y BK
|k EII
|